Catalog

Record Details

Catalog Search



Zvonokosy  Cover Image Book Book

Zvonokosy / Gabriel Chevallier ; z francouzského originálu ... přeložil Jaroslav Zaorálek ; překlad zrevidoval a doplnil Josef Čermák

Record details

  • Physical Description: 330 s. ; 8°
  • Edition: 5. vyd. v Odeonu
  • Publisher: Praha : Odeon, 1981

Content descriptions

General Note:
Obálka a vazba: Vladimír Nárožník
120000 výt.

Available copies

  • 1 of 1 copy available at Common Catalog SPOK.

Holds

  • 0 current holds with 1 total copy.
Show Only Available Copies
Location Call Number / Copy Notes Barcode Shelving Location Status Due Date
Hospic Dobrého Pastýře BE-CH
Tematická katagorie: Beletrie (BE)
2045957012292 Knihovna Available -

Electronic resources

Version of Resource: Digitalizovaný dokument


LDR 01117nam a22003011 4500
00128813
003CZ-PrJAB
00520170923174730.0
008951005s1981 xr ||| | cze
015 . ‡acnb000119653
035 . ‡a(CZ PrNK)bk198103074
035 . ‡a(OCoLC)17757596
040 . ‡aABA001 ‡bcze ‡cABA001 ‡dABA001
0411 . ‡acze ‡hfre
080 . ‡a840-311.5 ‡2undef
1001 . ‡aChevallier, Gabriel, ‡d1895-1969 ‡7jn19990003830 ‡4aut
24010. ‡aClochemerle. ‡lČesky ‡7aun2010592241
24510. ‡aZvonokosy / ‡cGabriel Chevallier ; z francouzského originálu ... přeložil Jaroslav Zaorálek ; překlad zrevidoval a doplnil Josef Čermák
250 . ‡a5. vyd. v Odeonu
260 . ‡aPraha : ‡bOdeon, ‡c1981 ‡f(Rudé právo)
300 . ‡a330 s. ; ‡c
4901 . ‡aKlub čtenářů ; ‡vsv. 465
500 . ‡aObálka a vazba: Vladimír Nárožník
500 . ‡a120000 výt.
7001 . ‡aZaorálek, Jaroslav, ‡d1896-1947 ‡7jk01152086 ‡4trl
830 0. ‡aKlub čtenářů (Odeon)
85641. ‡uhttp://kramerius4.nkp.cz/search/handle/uuid:00795c50-a1cc-11e2-9a08-005056827e52 ‡yDigitalizovaný dokument
910 . ‡aBNE702
998 . ‡a000119653
901 . ‡a28813 ‡b ‡c28813 ‡tbiblio

Additional Resources